Statistics for Units - Length or Time? #1

Click here to take the quiz!

General Stats

  • This quiz has been taken 475 times
  • The average score is 15 of 20

Answer Stats

QuestionAnswer% Correct
YardLength
100%
MonthTime
99%
SemesterTime
96%
FortnightTime
95%
LeagueLength
91%
JubileeTime
90%
CubitLength
88%
EllLength
87%
JiffyTime
85%
FathomLength
78%
Astronomical unitLength
77%
Light-yearLength
77%
IndictionTime
66%
ÅngströmLength
63%
GigannumTime
62%
OlympiadTime
60%
ParsecLength
57%
FermiLength
57%
PLength
54%
SvedbergTime
47%

Score Distribution

Percentile by Number Answered

Percent of People with Each Score

Your Score History

You have not taken this quiz